000 00597nam a2200193Ia 4500
005 20250508165118.0
008 008 250505s9999 xx 000 0 hin d
037 _aDissertations
040 _aFEDL
_beng
_cFEDL
041 _ahin
_2eng
084 _a370.193, YAD/DI
_qFEDL
100 _aYadav Mamta
_9471951
245 0 _aBaal vivaha ka aalochnatmak vishleshan aur uska stri shiksha per prabhav san 1971 se aub tak
260 _c2011
300 _a160p.
546 _aM. Ed. Dissertation, (Delhi University)
942 _cDIS
_h370.193, YAD/DI
999 _c1393233
_d1393233